Φορτώνει......
Agniyum kathakalum /
| Κύριος συγγραφέας: | |
|---|---|
| Γλώσσα: | Undetermined |
| Έκδοση: |
Kozhicode :
Mathrubhoomi ,
2004.
|
| Θέματα: |
| LEADER | 00530nam a2200169Ia 4500 | ||
|---|---|---|---|
| 001 | 139410 | ||
| 008 | 170722s9999 xx 000 0 und d | ||
| 020 | |a 8182640210 | ||
| 100 | |a Sithara, S. | ||
| 245 | |a Agniyum kathakalum / | ||
| 260 | |a Kozhicode : |b Mathrubhoomi , |c 2004. | ||
| 300 | |a 94 p. | ||
| 653 | |a Malayalam Short Stories | ||
| 923 | |d 20040820 |n 671 | ||
| 942 | |c GEN | ||
| 999 | |c 129231 |d 129231 | ||
| 952 | |0 0 |1 0 |4 0 |6 O_3231N76X_P4KR |7 0 |8 KR |9 182650 |a LIB |b LIB |d 2013-03-25 |e CBS |o O32,31N76x P4(KR) |p 254467 |r 2017-08-12 |v 50.00 |w 2017-08-12 |y GEN | ||